LEADER 00922nam0-22003131i-450- 001 990000593650403321 005 20001010 035 $a000059365 035 $aFED01000059365 035 $a(Aleph)000059365FED01 035 $a000059365 100 $a20001010d--------km-y0itay50------ba 101 0 $aita 105 $ay-------001yy 200 1 $aANALISI E PROGETTAZIONE DI FONDAZIONI SU PALI$fPOULOS H.G. - DAVIS E.H. 210 $as.l.$cs.e.$ds.d. 610 0 $aTeoria e pratica delle Costruzioni civili e industriali 610 0 $aMeccanica Razionale 610 0 $aCostruzioni di Macchine 610 0 $aMateriali da Costruzione 700 1$aPoulos,$bH.G.$031174 801 0$aIT$bUNINA$gRICA$2UNIMARC 901 $aBK 912 $a990000593650403321 952 $a07 B-340 MU.$b4343$fDINSC 959 $aDINSC 996 $aANALISI E PROGETTAZIONE DI FONDAZIONI SU PALI$9316281 997 $aUNINA DB $aING01 LEADER 00791cam0-2200289---450- 001 990004248000403321 005 20141111125928.0 035 $a000424800 035 $aFED01000424800 035 $a(Aleph)000424800FED01 035 $a000424800 100 $a19990604d1913----km-y0itay50------ba 101 0 $aita 102 $aIT 105 $a--------001gy 200 1 $a<<'A >>storia nova$epoemetto in ottava rima$fFerdinando Russo 210 $aRoma$cCasa editrice Modernità$d1913 215 $a59 p.$d19 cm 676 $a851.8 700 1$aRusso,$bFerdinando$f<1868-1927>$0153501 801 0$aIT$bUNINA$gRICA$2UNIMARC 901 $aBK 912 $a990004248000403321 952 $a851.8 RUSSO 4$bBibl.37554$fFLFBC 959 $aFLFBC 996 $aStoria nova$9480102 997 $aUNINA